Biogas plants : (Record no. 18784)

000 -LEADER
fixed length control field 00567cam a2200181 a 4500
020 ## - INTERNATIONAL STANDARD BOOK NUMBER
ISBN 3528020040 (pbk.)
040 ## - CATALOGING SOURCE
Transcribing agency DLC
082 00 - DEWEY DECIMAL CLASSIFICATION NUMBER
Classification number 662 VIE 1984 C152 Or.
100 1# - MAIN ENTRY--AUTHOR NAME
Personal name Sasse, Ludwig.
245 10 - TITLE STATEMENT
Title Biogas plants :
Remainder of title design and detail of simple biogas plants /
260 ## - PUBLICATION, DISTRIBUTION, ETC. (IMPRINT)
Place of publication Braunschweig :
Name of publisher Vieweg,
Year of publication c1984.
300 ## - PHYSICAL DESCRIPTION
Number of Pages 85 p. :
Other physical details ill. ;
Dimensions 24 cm.
500 ## - GENERAL NOTE
General note "A publication of Deutsches Zentrum für Entwicklungstechnologien--GATE."
500 ## - GENERAL NOTE
General note Includes index.
650 #0 - SUBJECT ADDED ENTRY--TOPICAL TERM
Topical Term Biogas.
710 2# - ADDED ENTRY--CORPORATE NAME
Corporate name or jurisdiction name as entry element German Appropriate Technology Exchange.
942 ## - ADDED ENTRY ELEMENTS (KOHA)
Koha item type ADB
952 ## - LOCATION AND ITEM INFORMATION (KOHA)
Withdrawn status [LOCAL, KOHA] 0
Holdings
Koha item type Source of acquisition Lost status Permanent Location Current Location Date acquired Full call number
សៀវភៅភាសាអង់គ្លេសA39084 Library Block CLibrary Block C2020-01-27662 VIE 1984 C152 Or.
មជ្ឈមណ្ឌលឯការនៃសាកលវិទ្យាល័យភូមិន្ទកសិកម្មចំការដូង

Powered by Koha